| 000 | 003710000a22001570004500 | ||
|---|---|---|---|
| 001 | 001877 | ||
| 003 | MACL | ||
| 040 | _aMACL | ||
| 090 |
_c13870 _d13869 |
||
| 100 | _aSteiner, Lee | ||
| 245 |
_aHow to Solve Your Problems _bA Guide for Normal People _cLee Steiner |
||
| 260 |
_aCrest Publishing House, _c2000 |
||
| 350 | _a95 | ||
| 650 | _aPsychology | ||
| 942 |
_k153 _cBook |
||
| 999 |
_c13793 _d13793 |
||